Missing Word: Two-Word Movies Quiz Stats

 Plays Quiz Updated Jun 2, 2016

Challenge
Share
Tweet
Embed
Score 0/26 Timer 04:00
3 Plays Today
Phrase Movie % Correct
_____ SeussDr. No
94.6%
Cabbage _____ KidsPatch Adams
93.5%
_____ Girls Don't CryBig Fish
86.3%
Get Rich or _____ Tryin'Die Hard
86.1%
Tropical _____ forestRain Man
84%
America's Funniest _____ VideosHome Alone
83.4%
Kids _____ The Darndest ThingsSay Anything
74.7%
Yo-ho-ho and a _____ of rum!Bottle Rocket
71.6%
_____ Deeds Done Dirt CheapDirty Dancing
70.3%
Too good to be _____True Lies
68.2%
Didn't We _____ Have It AllAlmost Famous
66.6%
It's not _____ being greenEasy Rider
66.4%
_____ Tom's CabinUncle Buck
66.1%
Phrase Movie % Correct
Little Orphan _____Annie Hall
65.9%
California Gold _____Rush Hour
65.7%
Another Brick in the _____Wall Street
61.9%
When You Wish Upon a _____Star Wars
58.8%
_____ Al YankovicWeird Science
58.7%
Horsemen of the
_____
Apocalypse Now
57.5%
_____ iron stoveCast Away
55.1%
Ursa _____Major League
54.5%
Twisted _____Sister Act
54.2%
North _____ Free Trade AgreementAmerican Pie
53.5%
Dexy's _____ RunnersMidnight Run
44%
_____ Boy FloydPretty Woman
39%
African _____ CongressNational Treasure
25.3%

Today's Daily Dose

You're not logged in!

Compare scores with friends on all Sporcle quizzes.
Join for Free
OR
Log In

You Might Also Like...

Show Comments

Extras

Top Quizzes Today


Score Distribution

Your Account Isn't Verified!

In order to create a playlist on Sporcle, you need to verify the email address you used during registration. Go to your Sporcle Settings to finish the process.

Report this User

Report this user for behavior that violates our Community Guidelines.

Details: